LIBRARY & INFORMATION CENTRE, KCAET, TAVANUR

ONLINE PUBLIC ACCESS CATALOGUE (OPAC)

Crop production in salt affected soils / (Record no. 10907)

MARC details
000 -LEADER
fixed length control field 00525cam a2200205ua 4500
041 ## - LANGUAGE CODE
Language code of text/sound track or separate title eng
082 ## - DEWEY DECIMAL CLASSIFICATION NUMBER
Classification number 631.42
Item number DAR/CR
100 ## - MAIN ENTRY--AUTHOR NAME
Personal name Dargan, K S .
245 ## - TITLE STATEMENT
Title Crop production in salt affected soils /
250 ## - EDITION STATEMENT
Edition statement 1 /
260 ## - PUBLICATION, DISTRIBUTION, ETC. (IMPRINT)
Place of publication New Delhi :
Name of publisher Oxford & IBH Publishing company ,
Year of publication 1982.
300 ## - PHYSICAL DESCRIPTION
Number of Pages 276 ; .
700 1# - ADDED ENTRY--PERSONAL NAME
Personal name Gupta, I C .
700 1# - ADDED ENTRY--PERSONAL NAME
Personal name Singh, O P .
942 ## - ADDED ENTRY ELEMENTS (KOHA)
Koha item type Books
Holdings
Withdrawn status Lost status Damaged status Home library Current library Date acquired Full call number Accession Number Koha item type
      KAUAET KAUAET 07/04/2012 631.42 14662 Books
free website counter